Normal view
MARC view
- كاليلنو، ادواردو؛ ترجمة اسامة اسبر
Entry Personal Name
001 - CONTROL NUMBER
- control field: 10388
003 - CONTROL NUMBER IDENTIFIER
- control field: JO-AjAnu
005 - DATE AND TIME OF LATEST TRANSACTION
- control field: 20230606071952.0
008 - FIXED-LENGTH DATA ELEMENTS
- fixed length control field: 230606|| aca||aabn | a|a d
040 ## - CATALOGING SOURCE
- Original cataloging agency: JO-AjAnu
- Transcribing agency: JO-AjAnu
100 ## - HEADING--PERSONAL NAME
- Personal name: كاليلنو، ادواردو؛ ترجمة اسامة اسبر
670 ## - SOURCE DATA FOUND
- Source citation: Work cat.: (JO-AjAnu)5349: كاليلنو، ادواردو؛ ترجمة اسامة اسبر, author, ذاكرة النار: قرن الريح = Memory Of Fire "Faces And Masks"